The Life of Nuns : Love, Politics, and Religion in Medieval German Convents.

Bibliographic Details
Main Author: Lähnemann, Henrike.
Other Authors: Schlotheuber, Eva., Simon, Anne.
Format: eBook
Language:English
Published: Cambridge, UK : Open Book Publishers, 2024.
Edition:1st ed.
Subjects:
Online Access:Click to View
LEADER 02646nam a22003613i 4500
001 EBC31502922
003 MiAaPQ
005 20240729202206.0
006 m o d |
007 cr cnu||||||||
008 240729s2024 xx o ||||0 eng d
020 |a 9781805112686  |q (electronic bk.) 
035 |a (MiAaPQ)EBC31502922 
035 |a (Au-PeEL)EBL31502922 
040 |a MiAaPQ  |b eng  |e rda  |e pn  |c MiAaPQ  |d MiAaPQ 
100 1 |a Lähnemann, Henrike. 
245 1 4 |a The Life of Nuns :  |b Love, Politics, and Religion in Medieval German Convents. 
250 |a 1st ed. 
264 1 |a Cambridge, UK :  |b Open Book Publishers,  |c 2024. 
264 4 |c {copy}2024. 
300 |a 1 online resource (212 pages) 
336 |a text  |b txt  |2 rdacontent 
337 |a computer  |b c  |2 rdamedia 
338 |a online resource  |b cr  |2 rdacarrier 
505 0 |a Intro -- Prologue: Voices from the Past -- I. Enclosure -- 1. The Nuns' Flight -- 2. The Convent Living Space -- 3. The Ebstorf World Map -- II. Education -- 1. The Convent as School -- 2. The Convent as Cultural and Educational Space -- 3. The Heiningen Philosophy Tapestry -- III. Nuns, Family, and Community -- 1. Life History and Family Influence -- 2. The Family and the Convent Community -- 3. Representation and Status -- IV. Love and Friendship -- 1. Friendship Beyond Convent Walls -- 2. The Idea of Friendship -- 3. Christ Embracing John the Evangelist as Spiritual Bridehood -- V. Music and Reform -- 1. Secular Songs while Breaking Flax -- 2. Convent Reform -- 3. Music Instruction in Kloster Ebstorf -- VI. Reformation -- 1. The Papal Legate Arrives in Town -- 2. Convents during the Reformation -- 3. A Vision of the Reformation -- VII. Illness and Dying -- 1. Death in the Community -- 2. Medicinal Knowledge and the Rituals of Dying -- 3. This World and the Next in the Wienhausen Nuns' Choir -- VIII. Appendix -- 1. Convent Histories -- 2. Schematic Representations of Convent Life -- 3. Glossary of Terms -- 4. List of Illustrations -- 5. Sources and Secondary Literature -- Index. 
588 |a Description based on publisher supplied metadata and other sources. 
590 |a Electronic reproduction. Ann Arbor, Michigan : ProQuest Ebook Central, 2024. Available via World Wide Web. Access may be limited to ProQuest Ebook Central affiliated libraries.  
655 4 |a Electronic books. 
700 1 |a Schlotheuber, Eva. 
700 1 |a Simon, Anne. 
776 0 8 |i Print version:  |a Lähnemann, Henrike  |t The Life of Nuns  |d Cambridge, UK : Open Book Publishers,c2024 
797 2 |a ProQuest (Firm) 
856 4 0 |u https://ebookcentral.proquest.com/lib/matrademy/detail.action?docID=31502922  |z Click to View